[Event "DEM U18w 2018"]
[Site "Willingen GER"]
[Date "2018.05.23"]
[Round "6"]
[White "Kolb, Verena"]
[Black "Zell, Mirjam"]
[Result "0-1"]
[Termination "normal"]
[Board "8"]
[WhiteElo "1665"]
[BlackElo "1829"]
[WhiteClock "00:03:55"]
[BlackClock "00:10:20"]
[PlyCount "96"]
[WhiteFideId "12992313"]
[BlackFideId "16208544"]
[EventCountry "GER"]
[EventRounds "9"]
[EventType "swiss"]
[EventDate "2018.05.19"]

1. e4 {[%clk 1:30:30]} 1... e5 {[%clk 1:30:30]} 2. Nf3 {[%clk 1:30:30]} 2...
Nf6 {[%clk 1:30:30]} 3. Bc4 {[%clk 1:28:25]} 3... Nxe4 {[%clk 1:23:32]} 4. Nxe5
{[%clk 1:25:19]} 4... d5 {[%clk 1:18:36]} 5. Qf3 {[%clk 1:18:29]} 5... Be6 {
[%clk 1:03:04]} 6. Bb3 {[%clk 1:10:45]} 6... Bd6 {[%clk 1:01:04]} 7. d3 { [%clk
0:56:27]} 7... Nf6 {[%clk 0:41:46]} 8. Bf4 {[%clk 0:42:14]} 8... Qe7 { [%clk
0:36:16]} 9. O-O {[%clk 0:37:38]} 9... Nbd7 {[%clk 0:32:32]} 10. d4 { [%clk
0:31:01]} 10... O-O {[%clk 0:29:01]} 11. Nc3 {[%clk 0:30:10]} 11... c6 { [%clk
0:27:43]} 12. Rfe1 {[%clk 0:30:04]} 12... Rfe8 {[%clk 0:25:23]} 13. Re3 { [%clk
0:24:51]} 13... Bxe5 {[%clk 0:23:33]} 14. Bxe5 {[%clk 0:22:20]} 14... Ng4
{[%clk 0:20:16]} 15. Qg3 {[%clk 0:18:44]} 15... Ndxe5 {[%clk 0:20:22]} 16. Rxe5
{[%clk 0:17:47]} 16... Nxe5 {[%clk 0:20:45]} 17. Qxe5 {[%clk 0:18:12]} 17...
Bd7 {[%clk 0:20:11]} 18. Qxe7 {[%clk 0:16:06]} 18... Rxe7 {[%clk 0:20:35]} 19.
Kf1 {[%clk 0:15:56]} 19... Rae8 {[%clk 0:20:53]} 20. f3 {[%clk 0:13:08]} 20...
Bf5 {[%clk 0:20:42]} 21. a4 {[%clk 0:12:36]} 21... a5 {[%clk 0:20:33]} 22. Rd1
{[%clk 0:12:24]} 22... h6 {[%clk 0:19:48]} 23. Kf2 {[%clk 0:11:39]} 23... g5 {
[%clk 0:18:01]} 24. g4 {[%clk 0:10:06]} 24... Bg6 {[%clk 0:18:21]} 25. Rd2 {
[%clk 0:09:00]} 25... Kg7 {[%clk 0:18:23]} 26. h3 {[%clk 0:07:26]} 26... f5 {
[%clk 0:18:03]} 27. Re2 {[%clk 0:06:46]} 27... fxg4 {[%clk 0:16:42]} 28. hxg4 {
[%clk 0:06:23]} 28... Rxe2+ {[%clk 0:15:44]} 29. Nxe2 {[%clk 0:06:47]} 29... h5
{[%clk 0:16:00]} 30. gxh5 {[%clk 0:06:50]} 30... Bxh5 {[%clk 0:16:19]} 31. Ng3
{[%clk 0:07:09]} 31... Bg6 {[%clk 0:16:22]} 32. c3 {[%clk 0:06:24]} 32... Rf8 {
[%clk 0:15:04]} 33. Ke2 {[%clk 0:06:07]} 33... Kh6 {[%clk 0:14:59]} 34. Bd1 {
[%clk 0:05:35]} 34... Bh5 {[%clk 0:13:40]} 35. Nxh5 {[%clk 0:04:48]} 35... Kxh5
{[%clk 0:14:05]} 36. Ke3 {[%clk 0:04:47]} 36... Kh4 {[%clk 0:13:37]} 37. Kf2 {
[%clk 0:04:06]} 37... g4 {[%clk 0:13:41]} 38. Kg2 {[%clk 0:04:10]} 38... g3 {
[%clk 0:13:39]} 39. Bc2 {[%clk 0:03:40]} 39... Rg8 {[%clk 0:13:00]} 40. Bf5 {
[%clk 0:03:33]} 40... Rg7 {[%clk 0:09:53]} 41. Bg4 {[%clk 0:03:17]} 41... Rxg4
{[%clk 0:08:53]} 42. fxg4 {[%clk 0:03:41]} 42... Kxg4 {[%clk 0:09:19]} 43. b3 {
[%clk 0:03:13]} 43... Kf4 {[%clk 0:09:38]} 44. c4 {[%clk 0:02:22]} 44... dxc4 {
[%clk 0:09:35]} 45. bxc4 {[%clk 0:02:46]} 45... Ke4 {[%clk 0:09:55]} 46. d5 {
[%clk 0:02:58]} 46... cxd5 {[%clk 0:09:58]} 47. cxd5 {[%clk 0:03:26]} 47...
Kxd5 {[%clk 0:10:20]} 48. Kxg3 {[%clk 0:03:55]} 48... Kc4 0-1

[Event "DEM U18w 2018"]
[Site "Willingen GER"]
[Date "2018.05.23"]
[Round "6"]
[White "Browning, Rebecca"]
[Black "Kail, Sindy"]
[Result "0-1"]
[Termination "normal"]
[Board "9"]
[WhiteElo "1925"]
[BlackElo "1819"]
[WhiteClock "00:47:33"]
[BlackClock "00:20:45"]
[PlyCount "78"]
[WhiteFideId "12984027"]
[BlackFideId "12988502"]
[EventCountry "GER"]
[EventRounds "9"]
[EventType "swiss"]
[EventDate "2018.05.19"]

1. e4 {[%clk 1:30:59]} 1... c5 {[%clk 1:30:55]} 2. d4 {[%clk 1:31:26]} 2...
cxd4 {[%clk 1:31:14]} 3. c3 {[%clk 1:31:41]} 3... dxc3 {[%clk 1:31:16]} 4. Nxc3
{[%clk 1:32:05]} 4... Nc6 {[%clk 1:31:21]} 5. Nf3 {[%clk 1:32:30]} 5... e6 {
[%clk 1:31:40]} 6. Bc4 {[%clk 1:32:49]} 6... a6 {[%clk 1:31:59]} 7. O-O { [%clk
1:33:12]} 7... Qc7 {[%clk 1:32:23]} 8. Qe2 {[%clk 1:31:51]} 8... Bc5 { [%clk
1:32:27]} 9. Be3 {[%clk 1:20:57]} 9... Bxe3 {[%clk 1:30:19]} 10. Qxe3 { [%clk
1:21:20]} 10... Nge7 {[%clk 1:30:12]} 11. Rac1 {[%clk 1:20:01]} 11... b5 {[%clk
1:28:43]} 12. Bd3 {[%clk 1:19:02]} 12... O-O {[%clk 1:27:24]} 13. Nd2 { [%clk
1:17:14]} 13... Rd8 {[%clk 1:24:29]} 14. Qh3 {[%clk 1:15:05]} 14... Ng6 { [%clk
1:22:53]} 15. Ne2 {[%clk 1:13:53]} 15... Qa5 {[%clk 1:20:59]} 16. Rfd1 { [%clk
1:11:55]} 16... Qxa2 {[%clk 1:14:00]} 17. f4 {[%clk 1:06:05]} 17... Qxb2 {[%clk
1:10:43]} 18. f5 {[%clk 1:06:05]} 18... Nge5 {[%clk 1:10:55]} 19. Bb1 { [%clk
1:05:17]} 19... Bb7 {[%clk 1:04:17]} 20. Rc3 {[%clk 1:04:07]} 20... Qb4 { [%clk
1:02:42]} 21. Rg3 {[%clk 1:03:44]} 21... exf5 {[%clk 1:00:36]} 22. exf5 { [%clk
1:03:40]} 22... Nd4 {[%clk 0:47:03]} 23. Nf4 {[%clk 0:59:08]} 23... Ndf3+
{[%clk 0:46:50]} 24. Nxf3 {[%clk 0:58:32]} 24... Nxf3+ {[%clk 0:45:42]} 25.
gxf3 {[%clk 0:58:49]} 25... Qxf4 {[%clk 0:44:25]} 26. f6 {[%clk 0:57:31]} 26...
g6 {[%clk 0:44:23]} 27. Qg2 {[%clk 0:55:09]} 27... Qxf6 {[%clk 0:40:31]} 28. h4
{[%clk 0:54:45]} 28... Kh8 {[%clk 0:37:22]} 29. Qh1 {[%clk 0:52:58]} 29... Re8
{[%clk 0:34:37]} 30. h5 {[%clk 0:52:58]} 30... Qe5 {[%clk 0:33:05]} 31. Qh4 {
[%clk 0:50:02]} 31... Qe3+ {[%clk 0:29:53]} 32. Kh2 {[%clk 0:49:22]} 32... Qe2+
{[%clk 0:26:27]} 33. Rg2 {[%clk 0:49:01]} 33... Qxd1 {[%clk 0:24:31]} 34. hxg6
{[%clk 0:49:23]} 34... Qd6+ {[%clk 0:24:44]} 35. Kh3 {[%clk 0:48:47]} 35...
fxg6 {[%clk 0:24:18]} 36. Bxg6 {[%clk 0:48:36]} 36... Re7 {[%clk 0:24:20]} 37.
Re2 {[%clk 0:48:30]} 37... Rae8 {[%clk 0:24:09]} 38. Rg2 {[%clk 0:47:16]} 38...
Rg8 {[%clk 0:21:20]} 39. Qh6 {[%clk 0:47:33]} 39... Reg7 {[%clk 0:20:45]} 0-1

[Event "DEM U18w 2018"]
[Site "Willingen GER"]
[Date "2018.05.23"]
[Round "6"]
[White "Mylke, Sandy-Michelle"]
[Black "Möller, Hannah"]
[Result "0-1"]
[Termination "normal"]
[Board "10"]
[WhiteElo "1100"]
[BlackElo "1807"]
[WhiteClock "00:38:06"]
[BlackClock "00:27:42"]
[PlyCount "92"]
[WhiteFideId "16235045"]
[BlackFideId "1270514"]
[EventCountry "GER"]
[EventRounds "9"]
[EventType "swiss"]
[EventDate "2018.05.19"]

1. e4 {[%clk 1:30:55]} 1... g6 {[%clk 1:30:56]} 2. d4 {[%clk 1:30:33]} 2... Bg7
{[%clk 1:31:22]} 3. Nf3 {[%clk 1:30:15]} 3... d6 {[%clk 1:31:43]} 4. Nc3 {
[%clk 1:30:09]} 4... Nf6 {[%clk 1:31:35]} 5. Bc4 {[%clk 1:29:54]} 5... O-O {
[%clk 1:31:26]} 6. O-O {[%clk 1:29:41]} 6... Nbd7 {[%clk 1:31:19]} 7. Be3 {
[%clk 1:28:47]} 7... Ng4 {[%clk 1:30:52]} 8. Qd2 {[%clk 1:27:24]} 8... Nxe3 {
[%clk 1:29:06]} 9. Qxe3 {[%clk 1:27:08]} 9... a6 {[%clk 1:28:56]} 10. a3 {
[%clk 1:26:12]} 10... c5 {[%clk 1:27:48]} 11. Rad1 {[%clk 1:24:42]} 11... cxd4
{[%clk 1:24:24]} 12. Nxd4 {[%clk 1:24:47]} 12... Ne5 {[%clk 1:23:15]} 13. Bb3 {
[%clk 1:23:28]} 13... Bd7 {[%clk 1:23:12]} 14. h3 {[%clk 1:19:58]} 14... Nc6 {
[%clk 1:21:01]} 15. Nf3 {[%clk 1:19:41]} 15... Rb8 {[%clk 1:20:10]} 16. Rfe1 {
[%clk 1:15:42]} 16... b5 {[%clk 1:14:59]} 17. Qd2 {[%clk 1:08:45]} 17... Rb7 {
[%clk 1:14:09]} 18. Ba2 {[%clk 1:06:44]} 18... a5 {[%clk 1:12:45]} 19. b4 {
[%clk 1:02:14]} 19... axb4 {[%clk 1:11:12]} 20. axb4 {[%clk 1:02:22]} 20...
Nxb4 {[%clk 1:10:04]} 21. Bd5 {[%clk 1:00:14]} 21... Bc6 {[%clk 1:02:54]} 22.
Re2 {[%clk 0:49:02]} 22... Qc8 {[%clk 0:59:48]} 23. e5 {[%clk 0:43:50]} 23...
Bxd5 {[%clk 0:48:34]} 24. Nxd5 {[%clk 0:43:20]} 24... Nxd5 {[%clk 0:48:19]} 25.
Qxd5 {[%clk 0:43:23]} 25... dxe5 {[%clk 0:47:15]} 26. Nxe5 {[%clk 0:43:09]}
26... Bxe5 {[%clk 0:46:00]} 27. Qxe5 {[%clk 0:42:30]} 27... Rd8 {[%clk 0:44:41]
} 28. Red2 {[%clk 0:41:29]} 28... Rbd7 {[%clk 0:40:47]} 29. Qe3 {[%clk 0:39:54]
} 29... Qc7 {[%clk 0:31:00]} 30. g3 {[%clk 0:35:26]} 30... Rd6 {[%clk 0:27:06]}
31. Rd3 {[%clk 0:28:00]} 31... Qxc2 {[%clk 0:20:58]} 32. Rxd6 {[%clk 0:25:47]}
32... exd6 {[%clk 0:21:04]} 33. Rc1 {[%clk 0:25:05]} 33... Qb2 {[%clk 0:19:00]}
34. Qe1 {[%clk 0:24:05]} 34... b4 {[%clk 0:15:36]} 35. Rb1 {[%clk 0:24:17]}
35... Qc3 {[%clk 0:15:52]} 36. Qd1 {[%clk 0:23:56]} 36... d5 {[%clk 0:14:12]}
37. Rb3 {[%clk 0:22:29]} 37... Qc4 {[%clk 0:13:21]} 38. Rb2 {[%clk 0:22:01]}
38... d4 {[%clk 0:11:54]} 39. Rc2 {[%clk 0:21:41]} 39... Qb5 {[%clk 0:12:05]}
40. Rd2 {[%clk 0:20:11]} 40... d3 {[%clk 0:11:51]} 41. Qb3 {[%clk 0:20:16]}
41... Rd4 {[%clk 0:06:43]} 42. f4 {[%clk 0:18:40]} 42... Qc5 {[%clk 0:04:51]}
43. Kf1 {[%clk 0:14:50]} 43... Qc3 {[%clk 0:01:08]} 44. Qd1 {[%clk 0:14:37]}
44... b3 {[%clk 0:29:38]} 45. Ke1 {[%clk 0:45:03]} 45... b2 {[%clk 0:28:46]}
46. g4 {[%clk 0:38:06]} 46... Rxf4 {[%clk 0:27:42]} 0-1

[Event "DEM U18w 2018"]
[Site "Willingen GER"]
[Date "2018.05.23"]
[Round "6"]
[White "Jörs, Pia-Milena"]
[Black "Giede, Anna-Blume"]
[Result "1-0"]
[Termination "normal"]
[Board "11"]
[WhiteElo "1557"]
[BlackElo "1629"]
[WhiteClock "00:26:25"]
[BlackClock "00:02:12"]
[PlyCount "57"]
[WhiteFideId "12964646"]
[BlackFideId "12921980"]
[EventCountry "GER"]
[EventRounds "9"]
[EventType "swiss"]
[EventDate "2018.05.19"]

1. d4 {[%clk 1:30:58]} 1... d5 {[%clk 1:30:54]} 2. c4 {[%clk 1:31:22]} 2... c6
{[%clk 1:31:20]} 3. Nf3 {[%clk 1:31:47]} 3... Nf6 {[%clk 1:31:42]} 4. e3 {
[%clk 1:32:09]} 4... e6 {[%clk 1:32:03]} 5. Nbd2 {[%clk 1:31:14]} 5... Be7 {
[%clk 1:24:31]} 6. Bd3 {[%clk 1:31:07]} 6... O-O {[%clk 1:23:51]} 7. O-O {
[%clk 1:30:50]} 7... b6 {[%clk 1:21:22]} 8. b3 {[%clk 1:30:24]} 8... Ba6 {
[%clk 1:05:37]} 9. Qc2 {[%clk 1:28:23]} 9... Nbd7 {[%clk 1:02:06]} 10. Bb2 {
[%clk 1:27:52]} 10... Rc8 {[%clk 0:56:47]} 11. Rac1 {[%clk 1:18:22]} 11... c5 {
[%clk 0:49:38]} 12. Qb1 {[%clk 1:11:09]} 12... Bd6 {[%clk 0:38:51]} 13. e4 {
[%clk 0:49:57]} 13... dxe4 {[%clk 0:32:52]} 14. Nxe4 {[%clk 0:49:19]} 14...
Nxe4 {[%clk 0:33:00]} 15. Bxe4 {[%clk 0:49:36]} 15... Nf6 {[%clk 0:33:03]} 16.
dxc5 {[%clk 0:42:38]} 16... Nxe4 {[%clk 0:27:41]} 17. Qxe4 {[%clk 0:38:21]}
17... bxc5 {[%clk 0:16:55]} 18. Qg4 {[%clk 0:37:31]} 18... g6 {[%clk 0:15:17]}
19. Ng5 {[%clk 0:35:55]} 19... f5 {[%clk 0:02:33]} 20. Qh4 {[%clk 0:31:38]}
20... Qd7 {[%clk 0:02:15]} 21. Rcd1 {[%clk 0:31:13]} 21... h5 {[%clk 0:02:09]}
22. Rfe1 {[%clk 0:29:05]} 22... Rfe8 {[%clk 0:02:13]} 23. Be5 {[%clk 0:28:55]}
23... Rc6 {[%clk 0:02:34]} 24. Qg3 {[%clk 0:28:44]} 24... Bxe5 {[%clk 0:02:17]}
25. Rxd7 {[%clk 0:25:45]} 25... Bxg3 {[%clk 0:02:42]} 26. hxg3 {[%clk 0:26:03]}
26... Bc8 {[%clk 0:02:07]} 27. Rxa7 {[%clk 0:25:55]} 27... Ra6 {[%clk 0:01:48]}
28. Rxa6 {[%clk 0:26:14]} 28... Bxa6 {[%clk 0:02:12]} 29. Rxe6 {[%clk 0:26:25]}
1-0

[Event "DEM U18w 2018"]
[Site "Willingen GER"]
[Date "2018.05.23"]
[Round "6"]
[White "Reinecke, Katharina"]
[Black "König, Emmilie"]
[Result "1-0"]
[Termination "normal"]
[Board "12"]
[WhiteElo "1905"]
[BlackElo "1539"]
[WhiteClock "00:27:55"]
[BlackClock "00:26:27"]
[PlyCount "115"]
[WhiteFideId "12929727"]
[BlackFideId "16218329"]
[EventCountry "GER"]
[EventRounds "9"]
[EventType "swiss"]
[EventDate "2018.05.19"]

1. d4 {[%clk 1:30:58]} 1... d5 {[%clk 1:30:56]} 2. c4 {[%clk 1:31:23]} 2... c6
{[%clk 1:31:24]} 3. e3 {[%clk 1:31:27]} 3... Nf6 {[%clk 1:31:33]} 4. Nf3 {
[%clk 1:31:27]} 4... Bg4 {[%clk 1:31:41]} 5. Nc3 {[%clk 1:30:41]} 5... g6 {
[%clk 1:29:22]} 6. Be2 {[%clk 1:26:45]} 6... Nbd7 {[%clk 1:27:28]} 7. O-O {
[%clk 1:24:06]} 7... Bg7 {[%clk 1:26:44]} 8. b3 {[%clk 1:21:03]} 8... O-O {
[%clk 1:23:41]} 9. Bb2 {[%clk 1:21:21]} 9... Qc7 {[%clk 1:21:05]} 10. Rc1 {
[%clk 1:20:14]} 10... e6 {[%clk 1:17:36]} 11. h3 {[%clk 1:19:48]} 11... Bxf3 {
[%clk 1:17:18]} 12. Bxf3 {[%clk 1:19:56]} 12... dxc4 {[%clk 1:17:27]} 13. bxc4
{[%clk 1:19:29]} 13... Rad8 {[%clk 1:15:49]} 14. Qc2 {[%clk 1:11:21]} 14... Nb6
{[%clk 1:05:46]} 15. Ne2 {[%clk 1:06:53]} 15... Rfe8 {[%clk 1:05:11]} 16. e4 {
[%clk 1:03:31]} 16... Rc8 {[%clk 0:59:23]} 17. Rfd1 {[%clk 1:00:35]} 17... Red8
{[%clk 0:52:57]} 18. Rd3 {[%clk 0:55:50]} 18... Ne8 {[%clk 0:46:21]} 19. Rcd1 {
[%clk 0:51:28]} 19... Qb8 {[%clk 0:45:30]} 20. Qb3 {[%clk 0:47:43]} 20... c5 {
[%clk 0:40:43]} 21. Rc1 {[%clk 0:38:57]} 21... cxd4 {[%clk 0:36:34]} 22. Nxd4 {
[%clk 0:36:22]} 22... Nd7 {[%clk 0:34:09]} 23. Rdd1 {[%clk 0:27:10]} 23... Nc5
{[%clk 0:30:02]} 24. Qc2 {[%clk 0:22:26]} 24... Rd7 {[%clk 0:25:17]} 25. Nb3 {
[%clk 0:19:37]} 25... Rxd1+ {[%clk 0:25:13]} 26. Rxd1 {[%clk 0:19:30]} 26...
Bxb2 {[%clk 0:23:31]} 27. Qxb2 {[%clk 0:19:41]} 27... Nxb3 28. axb3 { [%clk
0:19:21]} 28... Rd8 {[%clk 0:22:47]} 29. Qc2 {[%clk 0:14:18]} 29... Rxd1+
{[%clk 0:20:32]} 30. Qxd1 {[%clk 0:14:45]} 30... Qd6 {[%clk 0:20:09]} 31. Qxd6
{[%clk 0:14:08]} 31... Nxd6 {[%clk 0:20:32]} 32. e5 {[%clk 0:14:27]} 32... Nf5
{[%clk 0:19:58]} 33. Bxb7 {[%clk 0:13:44]} 33... Nd4 {[%clk 0:19:38]} 34. c5 {
[%clk 0:12:00]} 34... Nb5 35. Ba6 {[%clk 0:10:10]} 35... Nc7 {[%clk 0:19:25]}
36. Bc4 {[%clk 0:10:02]} 36... Kf8 {[%clk 0:19:40]} 37. b4 {[%clk 0:07:57]}
37... a6 {[%clk 0:16:47]} 38. f4 {[%clk 0:07:12]} 38... Ke7 {[%clk 0:15:47]}
39. Kf2 {[%clk 0:06:58]} 39... Kd7 {[%clk 0:16:16]} 40. Ke3 {[%clk 0:05:42]}
40... Kc6 {[%clk 0:16:44]} 41. Kd4 {[%clk 0:28:14]} 41... Nb5+ {[%clk 0:41:49]}
42. Bxb5+ {[%clk 0:27:08]} 42... Kxb5 43. h4 {[%clk 0:25:52]} 43... a5 { [%clk
0:32:06]} 44. bxa5 {[%clk 0:25:57]} 44... Kxa5 {[%clk 0:31:32]} 45. Kc4 { [%clk
0:25:45]} 45... Ka6 {[%clk 0:31:21]} 46. Kb4 {[%clk 0:26:07]} 46... h5 { [%clk
0:31:28]} 47. g3 {[%clk 0:26:01]} 47... Kb7 {[%clk 0:31:50]} 48. Kb5 { [%clk
0:26:16]} 48... Kc7 {[%clk 0:30:48]} 49. c6 {[%clk 0:26:12]} 49... Kb8 { [%clk
0:30:19]} 50. Kb6 {[%clk 0:26:32]} 50... Kc8 {[%clk 0:25:38]} 51. c7 { [%clk
0:26:36]} 51... Kd7 {[%clk 0:26:02]} 52. Kb7 {[%clk 0:26:56]} 52... Ke7 { [%clk
0:26:31]} 53. c8=Q {[%clk 0:27:10]} 53... g5 {[%clk 0:25:25]} 54. hxg5 { [%clk
0:27:25]} 54... h4 {[%clk 0:25:32]} 55. gxh4 {[%clk 0:27:44]} 55... f6 { [%clk
0:25:57]} 56. gxf6+ {[%clk 0:28:10]} 56... Kf7 {[%clk 0:26:20]} 57. Qd7+ {[%clk
0:27:38]} 57... Kg6 {[%clk 0:26:27]} 58. Qxe6 {[%clk 0:27:55]} 1-0

[Event "DEM U18w 2018"]
[Site "Willingen GER"]
[Date "2018.05.23"]
[Round "6"]
[White "Schmidt, Aliyah"]
[Black "Lohrmann, Tabea"]
[Result "1-0"]
[Termination "normal"]
[Board "13"]
[WhiteElo "1388"]
[BlackElo "1632"]
[WhiteClock "00:32:41"]
[BlackClock "00:13:25"]
[PlyCount "99"]
[WhiteFideId "16240103"]
[BlackFideId "12911941"]
[EventCountry "GER"]
[EventRounds "9"]
[EventType "swiss"]
[EventDate "2018.05.19"]

1. e4 {[%clk 1:30:58]} 1... e5 {[%clk 1:30:54]} 2. Nf3 {[%clk 1:31:19]} 2...
Nc6 {[%clk 1:31:10]} 3. d4 {[%clk 1:31:43]} 3... exd4 {[%clk 1:31:30]} 4. Nxd4
{[%clk 1:32:06]} 4... Nf6 {[%clk 1:31:46]} 5. Nxc6 {[%clk 1:32:26]} 5... bxc6 {
[%clk 1:31:44]} 6. e5 {[%clk 1:32:49]} 6... Qe7 {[%clk 1:25:36]} 7. Qe2 { [%clk
1:33:11]} 7... Nd5 {[%clk 1:24:43]} 8. c4 {[%clk 1:33:32]} 8... Ba6 { [%clk
1:19:33]} 9. b3 {[%clk 1:33:54]} 9... Nb6 {[%clk 1:17:46]} 10. Bb2 { [%clk
1:30:09]} 10... d5 {[%clk 1:10:44]} 11. exd6 {[%clk 1:28:42]} 11... cxd6 {[%clk
1:02:39]} 12. Qxe7+ {[%clk 1:25:27]} 12... Kxe7 {[%clk 1:02:28]} 13. Be2 {[%clk
1:18:36]} 13... f6 {[%clk 0:58:52]} 14. O-O {[%clk 1:17:13]} 14... Kf7 { [%clk
0:57:30]} 15. Nc3 {[%clk 1:14:45]} 15... Be7 {[%clk 0:55:07]} 16. Rfe1 { [%clk
1:11:19]} 16... Rad8 {[%clk 0:50:02]} 17. Bf3 {[%clk 1:07:47]} 17... Bb7 {[%clk
0:45:10]} 18. Rad1 {[%clk 1:02:21]} 18... f5 {[%clk 0:34:57]} 19. Ne2 { [%clk
0:56:17]} 19... d5 {[%clk 0:29:37]} 20. cxd5 {[%clk 0:56:01]} 20... cxd5 {[%clk
0:29:39]} 21. Nf4 {[%clk 0:53:56]} 21... Bd6 {[%clk 0:21:34]} 22. Nd3 { [%clk
0:47:12]} 22... Rhe8 {[%clk 0:18:33]} 23. Bd4 {[%clk 0:38:26]} 23... g6 { [%clk
0:15:51]} 24. a4 {[%clk 0:34:26]} 24... Bc7 {[%clk 0:08:01]} 25. Rxe8 { [%clk
0:28:42]} 25... Rxe8 {[%clk 0:07:07]} 26. Bxb6 {[%clk 0:28:21]} 26... Bxb6
{[%clk 0:07:20]} 27. Nb4 {[%clk 0:28:38]} 27... Rd8 {[%clk 0:05:04]} 28. Bxd5+
{[%clk 0:25:59]} 28... Bxd5 {[%clk 0:05:25]} 29. Rxd5 {[%clk 0:25:57]} 29...
Re8 {[%clk 0:03:18]} 30. Kf1 {[%clk 0:25:10]} 30... Kf6 {[%clk 0:02:35]} 31.
Rd7 {[%clk 0:24:45]} 31... h6 {[%clk 0:02:41]} 32. Nd5+ {[%clk 0:24:41]} 32...
Ke5 {[%clk 0:02:07]} 33. Nxb6 {[%clk 0:24:28]} 33... axb6 {[%clk 0:02:32] } 34.
Ke2 {[%clk 0:21:34]} 34... Rc8 {[%clk 0:01:55]} 35. Kd3 {[%clk 0:21:22]} 35...
Rc6 {[%clk 0:01:49]} 36. b4 {[%clk 0:19:54]} 36... Ke6 {[%clk 0:01:21]} 37. Rd4
{[%clk 0:19:15]} 37... Rc1 {[%clk 0:01:03]} 38. Rc4 {[%clk 0:17:58]} 38... Rd1+
{[%clk 0:01:12]} 39. Ke2 {[%clk 0:17:58]} 39... Kd5 {[%clk 0:00:49]} 40. Kxd1
{[%clk 0:16:44]} 40... Kxc4 {[%clk 0:01:13]} 41. a5 {[%clk 0:16:39]} 41... bxa5
{[%clk 0:01:36]} 42. bxa5 {[%clk 0:17:00]} 42... Kb5 {[%clk 0:01:57] } 43. Ke2
{[%clk 0:17:19]} 43... Kxa5 {[%clk 0:30:24]} 44. Kf3 {[%clk 0:48:06]} 44... Kb4
{[%clk 0:27:22]} 45. Kf4 {[%clk 0:48:10]} 45... Kc4 {[%clk 0:27:30]} 46. h4
{[%clk 0:34:00]} 46... Kd3 {[%clk 0:13:29]} 47. h5 {[%clk 0:33:26]} 47... g5+
{[%clk 0:13:31]} 48. Kxf5 {[%clk 0:32:14]} 48... Ke2 {[%clk 0:13:54]} 49. f4
{[%clk 0:32:22]} 49... Kf2 {[%clk 0:13:25]} 50. fxg5 {[%clk 0:32:41]} 1-0

[Event "DEM U18w 2018"]
[Site "Willingen GER"]
[Date "2018.05.24"]
[Round "7"]
[White "Sieber, Fiona"]
[Black "Leser, Katrin"]
[Result "1-0"]
[Termination "normal"]
[Board "1"]
[WhiteTitle "WIM"]
[WhiteElo "2234"]
[BlackElo "1862"]
[WhiteClock "00:27:57"]
[BlackClock "00:27:08"]
[PlyCount "86"]
[WhiteFideId "12902373"]
[BlackFideId "12997692"]
[EventCountry "GER"]
[EventRounds "9"]
[EventType "swiss"]
[EventDate "2018.05.19"]

1. e4 {[%clk 1:30:58]} 1... e5 {[%clk 1:30:55]} 2. Nf3 {[%clk 1:31:24]} 2...
Nc6 {[%clk 1:31:22]} 3. Bb5 {[%clk 1:31:47]} 3... a6 {[%clk 1:31:48]} 4. Ba4 {
[%clk 1:32:09]} 4... Nf6 {[%clk 1:32:09]} 5. d4 {[%clk 1:29:13]} 5... exd4 {
[%clk 1:17:35]} 6. O-O {[%clk 1:26:53]} 6... Be7 {[%clk 1:08:38]} 7. Re1 {
[%clk 1:25:47]} 7... O-O {[%clk 0:59:36]} 8. e5 {[%clk 1:25:40]} 8... Nd5 {
[%clk 0:58:40]} 9. Nxd4 {[%clk 1:17:49]} 9... Nxd4 {[%clk 0:56:48]} 10. Qxd4 {
[%clk 1:18:11]} 10... Nb6 {[%clk 0:56:34]} 11. Bb3 {[%clk 1:18:09]} 11... d6 {
[%clk 0:49:29]} 12. exd6 {[%clk 1:18:02]} 12... Bxd6 {[%clk 0:43:34]} 13. Bf4 {
[%clk 1:18:18]} 13... Bf5 {[%clk 0:37:52]} 14. Bxd6 {[%clk 1:12:03]} 14... cxd6
{[%clk 0:35:52]} 15. Nc3 {[%clk 1:11:48]} 15... Rc8 {[%clk 0:32:58]} 16. Rad1 {
[%clk 1:08:43]} 16... Qc7 {[%clk 0:30:41]} 17. a4 {[%clk 1:04:05]} 17... Qc5 {
[%clk 0:21:51]} 18. Qxd6 {[%clk 1:02:25]} 18... Qxd6 {[%clk 0:20:35]} 19. Rxd6
{[%clk 1:02:54]} 19... Nc4 {[%clk 0:20:34]} 20. Bxc4 {[%clk 1:00:25]} 20...
Rxc4 {[%clk 0:20:59]} 21. Rd2 {[%clk 0:59:58]} 21... h6 {[%clk 0:19:16]} 22. f3
{[%clk 0:56:19]} 22... Rfc8 {[%clk 0:18:12]} 23. Nd5 {[%clk 0:30:23]} 23... Kh7
{[%clk 0:17:03]} 24. Ne3 {[%clk 0:28:29]} 24... Re8 {[%clk 0:10:47]} 25. Kf2 {
[%clk 0:28:41]} 25... Rc5 {[%clk 0:10:59]} 26. Nxf5 {[%clk 0:28:20]} 26... Rxe1
{[%clk 0:11:23]} 27. Kxe1 {[%clk 0:28:45]} 27... Rxf5 {[%clk 0:11:49]} 28. Rd7
{[%clk 0:28:35]} 28... b5 {[%clk 0:11:45]} 29. axb5 {[%clk 0:21:49]} 29... axb5
{[%clk 0:12:05]} 30. Rb7 {[%clk 0:21:17]} 30... h5 {[%clk 0:09:57]} 31. Ke2 {
[%clk 0:19:04]} 31... h4 {[%clk 0:06:35]} 32. f4 {[%clk 0:15:57]} 32... g5 {
[%clk 0:03:05]} 33. g3 {[%clk 0:06:20]} 33... gxf4 {[%clk 0:01:22]} 34. gxf4 {
[%clk 0:04:52]} 34... Kg6 {[%clk 0:01:43]} 35. Kf3 {[%clk 0:05:06]} 35... Kh5 {
[%clk 0:01:19]} 36. b4 {[%clk 0:03:49]} 36... Kg6 {[%clk 0:01:23]} 37. Rb6+ {
[%clk 0:03:56]} 37... f6 {[%clk 0:01:11]} 38. Ke4 {[%clk 0:02:17]} 38... h3 {
[%clk 0:01:23]} 39. Rc6 {[%clk 0:02:14]} 39... Rh5 {[%clk 0:01:15]} 40. Rc5 {
[%clk 0:02:24]} 40... f5+ {[%clk 0:01:20]} 41. Kf3 {[%clk 0:28:04]} 41... Rh8 {
[%clk 0:28:00]} 42. Rxb5 {[%clk 0:27:42]} 42... Rc8 {[%clk 0:28:10]} 43. Rc5 {
[%clk 0:27:57]} 43... Ra8 {[%clk 0:27:08]  Ke4} 1-0